000 00485nam a2200217Ia 4500
001 946
003 GE_BSU
008 181216s||||||||xx |||||||||||||| ||und||
020 _a5940740065
040 _cGE_BSU
080 _a681.3.06(075.8)
100 _aКудрявцев,Е.М.
245 _aMATHCAD 2000 Pro
260 _aМосква
260 _bДМК Пресс
260 _c2001
300 _a576стр.
541 _h20л.
653 _aMATHCAD 2000 pro
942 _cBK
999 _c35105
_d35105